Top 100 NHL Players of the 2010's - Statistics

General Stats
  • This quiz has been taken 1,256 times
  • The average score is 69 of 100
Answer Stats
Rank Position/Team Player % Correct
1 C, Pittsburgh Penguins Sidney Crosby
100%
3 LW, Washington Capitals Alexander Ovechkin
99%
2 C, Edmonton Oilers Connor McDavid
98%
6 C, Pittsburgh Penguins Evgeni Malkin
96%
9 RW, Chicago Blackhawks Patrick Kane
96%
8 C, Tampa Bay Lightning Steven Stamkos
95%
4 D, Ottawa Senators Erik Karlsson
94%
15 C, Chicago Blackhawks Jonathan Toews
94%
5 G, New York Rangers Henrik Lundqvist
93%
7 C, Boston Bruins Patrice Bergeron
93%
13 C, Los Angeles Kings Anže Kopitar
92%
14 RW, Tampa Bay Lightning Nikita Kucherov
91%
27 LW, Boston Bruins Brad Marchand
90%
12 D, Tampa Bay Lightning Victor Hedman
90%
26 G, Montreal Canadiens Carey Price
89%
10 D, Chicago Blackhawks Duncan Keith
89%
40 C, Colorado Avalanche Nathan MacKinnon
89%
18 C, Philadelphia Flyers Claude Giroux
88%
19 D, San Jose Sharks Brent Burns
87%
17 D, Los Angeles Kings Drew Doughty
87%
31 LW, Dallas Stars Jamie Benn
87%
23 D, Pittsburgh Penguins Kris Letang
87%
24 D, Boston Bruins Zdeno Chára
87%
45 C, Toronto Maple Leafs Auston Matthews
85%
34 G, Los Angeles Kings Jonathan Quick
85%
42 G, Pittsburgh Penguins Marc-André Fleury
85%
22 C, Washington Capitals Nicklas Bäckström
85%
37 C, San Jose Sharks Joe Thornton
84%
21 G, Columbus Blue Jackets Sergei Bobrovsky
84%
50 G, Boston Bruins Tuukka Rask
84%
54 LW, Vancouver Canucks Daniel Sedin
83%
53 C, Vancouver Canucks Henrik Sedin
83%
29 C, New York Islanders John Tavares
83%
28 G, Washington Capitals Braden Holtby
82%
35 C, Anaheim Ducks Ryan Getzlaf
82%
36 RW, Anaheim Ducks Corey Perry
81%
11 C, Detroit Red Wings Pavel Datsyuk
81%
47 G, Nashville Predators Pekka Rinne
81%
30 D, Montreal Canadiens P.K. Subban
81%
43 C, Dallas Stars Tyler Seguin
80%
48 D, Nashville Predators Shea Weber
79%
20 C, San Jose Sharks Joe Pavelski
76%
41 D, Washington Capitals John Carlson
76%
44 RW, Boston Bruins David Pastrňák
75%
49 C, Buffalo Sabres Jack Eichel
75%
93 RW, Toronto Maple Leafs Mitch Marner
75%
63 D, Nashville Predators Roman Josi
75%
87 G, Tampa Bay Lightning Andrei Vasilevskiy
74%
57 C, Detroit Red Wings Henrik Zetterberg
74%
59 G, Boston Bruins Tim Thomas
74%
58 C, Florida Panthers Aleksander Barkov
73%
16 D, Calgary Flames Mark Giordano
73%
52 G, Florida Panthers Roberto Luongo
73%
25 LW, St. Louis Blues Vladimir Tarasenko
73%
51 LW, Calgary Flames Johnny Gaudreau
72%
64 LW, Chicago Blackhawks Artemi Panarin
70%
79 LW, Colorado Avalanche Gabriel Landeskog
70%
66 LW, Edmonton Oilers Leon Draisaitl
70%
33 RW, Tampa Bay Lightning Martin St. Louis
70%
62 RW, Winnipeg Jets Blake Wheeler
68%
81 LW, San Jose Sharks Patrick Marleau
68%
78 G, Chicago Blackhawks Corey Crawford
66%
65 C, Carolina Hurricanes Eric Staal
65%
61 D, St. Louis Blues Alex Pietrangelo
64%
72 LW, Nashville Predators Filip Forsberg
62%
32 LW, New Jersey Devils Taylor Hall
62%
38 RW, Toronto Maple Leafs Phil Kessel
61%
71 C, San Jose Sharks Logan Couture
60%
94 RW, Colorado Avalanche Mikko Rantanen
60%
46 D, Minnesota Wild Ryan Suter
60%
95 G, Anaheim Ducks John Gibson
59%
73 G, Tampa Bay Lightning Ben Bishop
57%
67 RW, Chicago Blackhawks Marián Hossa
57%
92 C, Winnipeg Jets Mark Scheifele
55%
82 LW, Minnesota Wild Zach Parise
55%
84 D, Arizona Coyotes Oliver Ekman-Larsson
54%
60 D, San Jose Sharks Marc-Édouard Vlasic
53%
68 G, Toronto Maple Leafs Frederik Andersen
52%
55 C, Colorado Avalanche Matt Duchene
52%
56 C, Colorado Avalanche Ryan O'Reilly
52%
74 C, Boston Bruins David Krejčí
50%
69 RW, Philadelphia Flyers Jakub Voráček
50%
70 RW, Calgary Flames Jarome Iginla
49%
80 D, Winnipeg Jets Dustin Byfuglien
48%
75 LW, Montreal Canadiens Max Pacioretty
48%
89 C, Minnesota Wild Mikko Koivu
46%
39 RW, Ottawa Senators Mark Stone
45%
91 RW, St. Louis Blues T.J. Oshie
45%
85 C, Los Angeles Kings Jeff Carter
42%
83 LW, New York Rangers Rick Nash
37%
76 D, Nashville Predators Ryan Ellis
37%
99 D, Boston Bruins Torey Krug
35%
88 LW, New Jersey Devils Ilya Kovalchuk
34%
98 RW, Florida Panthers Jaromír Jágr
33%
90 D, New York Rangers Ryan McDonagh
33%
86 RW, New York Rangers Marián Gáborík
31%
97 RW, Los Angeles Kings Justin Williams
28%
77 D, Arizona Coyotes Keith Yandle
25%
100 RW, Washington Capitals Alexander Semin
20%
96 LW, Buffalo Sabres Thomas Vanek
19%
No matching quizzes found
Score Distribution
Percent of People with Each Score
Percentile by Number Answered
Your Score History
You have not taken this quiz